[Event "Wch FIDE Online U10 Asia qual"]
[Site "Tornelo INT"]
[Date "2020.12.12"]
[Round "5"]
[White "Khazhatuly, Alikhan"]
[Black "Mrinmoy, Rajkhowa"]
[Result "0-1"]
[WhiteElo "1708"]
[BlackElo "1547"]
[PlyCount "140"]
[EventDate "2020.12.11"]
[EventType "swiss (rapid)"]
[EventRounds "7"]
[EventCountry "ISS"]
[SourceTitle "EXT 2022"]
[Source "ChessBase"]
[SourceDate "2021.10.06"]
[SourceVersion "1"]
[SourceVersionDate "2021.10.06"]
[SourceQuality "1"]

1. e4 c5 2. Nf3 d6 3. d4 cxd4 4. Nxd4 Nf6 5. Nc3 a6 6. Bd3 e5 7. Nb3 Be7 8. Nd5 Nxd5 9. exd5 0-0 10. f4 Bh4+ 11. g3 Bf6 12. 0-0 Nd7 13. c4 exf4 14. Bxf4 Ne5 15. Bxe5 Bxe5 16. Qc2 g6 17. Rae1 Bh3 18. Rf2 Re8 19. Bf1 Bg4 20. Qd2 h5 21. Be2 Bh3 22. Bf1 Bg4 23. Kg2 Qd7 24. Qg5 Bh3+ 25. Kg1 Bg7 26. Rxe8+ Rxe8 27. Qd2 Bxf1 28. Rxf1 Qe7 29. Kf2 h4 30. Re1 Qxe1+ 31. Qxe1 hxg3+ 32. hxg3 Rxe1 33. Kxe1 Bxb2 34. c5 Kf8 35. Ke2 Ba3 36. cxd6 Bxd6 37. Kf3 Ke7 38. g4 Ba3 39. Ke4 Kd6 40. Na5 b5 41. Nc6 f5+ 42. gxf5 gxf5+ 43. Kxf5 Kxd5 44. Nb8 a5 45. Nd7 Bd6 46. Kg4 a4 47. Kf3 Kc4 48. Nb6+ Kd3 49. Nd5 a3 50. Kf2 Kc2 51. Ke2 Kb2 52. Kd1 Kxa2 53. Kc1 b4 54. Kc2 b3+ 55. Kd2 b2 56. Nc3+ Ka1 57. Kd3 b1Q+ 58. Nxb1 Kxb1 59. Kc4 a2 60. Kd5 a1Q 61. Kxd6 Qa5 62. Kc6 Kc2 63. Kd6 Kd3 64. Ke6 Ke4 65. Kd6 Qd5+ 66. Kc7 Qe6 67. Kb7 Qd6 68. Ka7 Qc6 69. Kb8 Qd7 70. Ka8 Kd5 0-1

[Event "SCO op"]
[Site "Qingdao"]
[Date "2019.09.19"]
[Round "1"]
[White "Khazhatuly, Alikhan"]
[Black "Gan Od, Sereenen"]
[Result "0-1"]
[WhiteElo "1587"]
[BlackElo "2343"]
[PlyCount "80"]
[EventDate "2019.09.19"]
[EventType "swiss"]
[EventRounds "9"]
[EventCountry "CHN"]
[SourceTitle "EXT 2020"]
[Source "ChessBase"]
[SourceDate "2019.10.17"]
[SourceVersion "1"]
[SourceVersionDate "2019.10.17"]
[SourceQuality "1"]

1. e4 d6 2. d4 Nf6 3. Nc3 g6 4. f3 a6 5. Be3 b5 6. a3 Bg7 7. Qd2 Nbd7 8. g4 Nb6 9. h4 h5 10. g5 Nfd7 11. Nh3 Rb8 12. b4 e5 13. d5 0-0 14. Bd3 Bb7 15. 0-0 Qe7 16. a4 bxa4 17. Nxa4 Nxa4 18. Rxa4 Nb6 19. Ra2 Bc8 20. Kg2 c6 21. Bxa6 Bxa6 22. Rxa6 Nc4 23. Qc3 Nxe3+ 24. Qxe3 cxd5 25. exd5 Rxb4 26. Qa3 Rfb8 27. c3 Rxh4 28. Qxd6 Rb2+ 29. Rf2 Rxf2+ 30. Nxf2 Qxg5+ 31. Kf1 Rh2 32. Qc5 Qc1+ 33. Ke2 Qc2+ 34. Kf1 Qb1+ 35. Ke2 e4 36. fxe4 Qxe4+ 37. Kf1 Qf3 38. Ke1 Bxc3+ 39. Qxc3 Qxf2+ 40. Kd1 Rh1+ 0-1